Statistiken für Biologische Abkürzungen

Klicken Sie hier um das Quiz zu spielen!

Allgemein

  • Dieses Quiz wurde 80 mal gespielt
  • Das Durchschnittsergebnis liegt bei 4 aus 15

Antwortstatistiken

Abkürzung Bedeutung % Correct
kcalKilokalorie
91%
DNSDesoxyribonukleinsäure
67%
ATPAdenosintriphosphat
59%
ZNSZentrales Nervensystem
40%
LysLysin
33%
HbHämoglobin
31%
E. coliEscherichia coli
22%
IgGImmunglobulin G
17%
CoACoenzym A
16%
ILInterleukin
9%
HIVHumanes Immundefizienz-Virus
9%
LDLLow-density lipoprotein
7%
ELISAEnzyme-linked Immunosorbent Assay
5%
FADFlavin-Adenin-Dinukleotid
3%
NADPNicotinamidadenindinukleotidphosphat
2%

Verteilung der Resultate

Perzentil nach korrekt beantworteten Fragen

Anzahl Personen mit jedem Resultat

Ihre Resultats-Entwicklung

Sie haben dieses Quiz noch nicht gespielt